00480nam a22001577a 450000500170000000800410001702000180005804100130007608200150008910000400010424500500014425000190019426000530021330000300026665000260029620231214070023.0231214b |||||||| |||| 00| 0 eng d a9781485138501 aEnglish  a346.4 MUL  aMuller, G and Viljoen, S lEnglish  aProperty in Housing /cG Muller and S Viljoen aFirst Edition  aCape Town : bJuta and Company (Pty) Ltd, c2021 bx, 558 pages ;c25,5 cm.  aLegal practice bLaw